|
|
|
|
| LEADER |
02514nam a2200673 i 4500 |
| 001 |
nkc20233575916 |
| 003 |
CZ PrNK |
| 005 |
20240112102034.0 |
| 007 |
ta |
| 008 |
231220s2023 xr ah e 000 0 cze |
| 015 |
|
|
|a cnb003575916
|
| 020 |
|
|
|a 978-80-908402-8-7
|q (vázáno)
|
| 035 |
|
|
|a (OCoLC)1420607050
|
| 040 |
|
|
|a ABA001
|b cze
|e rda
|
| 043 |
|
|
|a e-xr---
|
| 045 |
|
|
|a x1x9
|
| 072 |
|
7 |
|a 659
|x Reklama. Public relations. Média
|2 Konspekt
|9 4
|
| 080 |
|
|
|a 629.326
|2 MRF
|
| 080 |
|
|
|a 629.371.15
|2 MRF
|
| 080 |
|
|
|a 796.72.093
|2 MRF
|
| 080 |
|
|
|a 659.133
|2 MRF
|
| 080 |
|
|
|a 659.13
|2 MRF
|
| 080 |
|
|
|a 659.1(091)
|2 MRF
|
| 080 |
|
|
|a (437.3)
|2 MRF
|
| 080 |
|
|
|a (048.8)
|2 MRF
|
| 080 |
|
|
|a (084.12)
|2 MRF
|
| 100 |
1 |
|
|a Straka, Miloslav
|7 hka2010597360
|4 aut
|
| 245 |
1 |
0 |
|a Se značkou ČZ :
|b ...na letácích a prospektech /
|c Miloslav Straka
|
| 264 |
|
1 |
|a Praha :
|b Ing. Antonín Matějka - Moto Public,
|c 2023
|
| 300 |
|
|
|a 376 stran :
|b ilustrace (převážně barevné), faksimile ;
|c 26 cm
|
| 336 |
|
|
|a text
|b txt
|2 rdacontent
|
| 336 |
|
|
|a statický obraz
|b sti
|2 rdacontent
|
| 337 |
|
|
|a bez média
|b n
|2 rdamedia
|
| 338 |
|
|
|a svazek
|b nc
|2 rdacarrier
|
| 500 |
|
|
|a Správné místo vydání Zvole
|
| 648 |
|
7 |
|a 20. století
|7 ch460558
|2 czenas
|
| 648 |
|
4 |
|a 1919-1997
|
| 650 |
0 |
7 |
|a ČZ (motocykly)
|7 ph312590
|2 czenas
|
| 650 |
0 |
7 |
|a závodní motocykly
|7 ph381249
|z Česko
|y 20. století
|2 czenas
|
| 650 |
0 |
7 |
|a motocyklové závody
|7 ph122995
|z Česko
|y 20. století
|2 czenas
|
| 650 |
0 |
7 |
|a reklamní plakáty
|7 ph125095
|z Česko
|y 20. století
|2 czenas
|
| 650 |
0 |
7 |
|a reklamní tiskoviny
|7 ph116037
|z Česko
|y 20. století
|2 czenas
|
| 650 |
0 |
7 |
|a dějiny reklamy
|7 ph553624
|z Česko
|y 20. století
|2 czenas
|
| 650 |
0 |
9 |
|a ČZ motorcycle
|2 eczenas
|
| 650 |
0 |
9 |
|a racing motorcycles
|z Czechia
|y 20th century
|2 eczenas
|
| 650 |
0 |
9 |
|a motorcycle racing
|z Czechia
|y 20th century
|2 eczenas
|
| 650 |
0 |
9 |
|a advertising posters
|z Czechia
|y 20th century
|2 eczenas
|
| 650 |
0 |
9 |
|a advertising printed matters
|z Czechia
|y 20th century
|2 eczenas
|
| 650 |
0 |
9 |
|a history of advertising
|z Czechia
|y 20th century
|2 eczenas
|
| 655 |
|
7 |
|a monografie
|7 fd132842
|2 czenas
|
| 655 |
|
7 |
|a fotografické publikace
|7 fd132276
|2 czenas
|
| 655 |
|
9 |
|a monographs
|2 eczenas
|
| 655 |
|
9 |
|a photographical works
|2 eczenas
|
| 910 |
2 |
|
|a BOA001
|b 3-1518.883
|
| 928 |
9 |
|
|a Moto Public
|
| 990 |
|
|
|a BK
|
| 995 |
|
|
|a 01
|
| 991 |
|
|
|b 202401
|c NOV
|
| 996 |
6 |
|
|b 2610958175
|c 3-1518.883
|l MZK
|r Sklad / do 1 hodiny
|n 2
|p p.v.
|w 001949066
|u 000010
|a 1
|e BOA001
|j MZK50
|s P
|